01480nam a2200289 a 450000100100000000500170001000800410002704000250006808200180009310000340011124500880014526000400023330000370027350000630031050400370037365000170041065000350042765000280046265000220049065000300051295201310054295201310067395201310080495201160093595201220105199900170117300001482420200929163915.0100122s2004 dr ac 001 0 spa d aDO-SdBNPbspacBNPHU a796.83bC794c1 aCordero Recio, Eduardo93357810aCurso completo de boxeo /cEduardo Cordero Recio ; prólogo Solano G., Bienvenido. a[Santo Domingo] :b[s.n.],c[200?]. a196 p. :bil. ; retrs. ;c21 cm. aIncluye datos biográficos del autor en la contracubierta aIncluye bibliografías [p. 196] 4aBoxeo920931 4aFilosofía del deporte933579 4aDefensa personal920936 4aBoxeadores920932 4aMujeres deportista933580 001054708DSaGRbGRcCTd2010-01-22iLF1l0o796.83 C794cp14824-30r2020-06-25te. 3w2020-06-25yLFDSZPréstamo en sala 001054708DSaGRbGRcCTd2010-01-22iLF1l0o796.83 C794cp14824-40r2020-06-25te. 4w2020-06-25yLFDSZPréstamo en sala 001054708DSaGRbGRcCTd2010-01-22iLF1l0o796.83 C794cp14824-50r2020-06-25te. 5w2020-06-25yLFDSZPréstamo en sala 0010718PDaPDbPDcHDd2010-01-22iLF1l0o796.83 C794cp14824-10r2020-06-25w2020-06-25yLFPDZNo se presta 0010718PDaPDbPDcCTd2010-01-22iLF1l0o796.83 C794cp14824-20r2020-06-25te. 2w2020-06-25yLFPDZNo se presta c14405d14405